000 01508nam a2200277Ia 4500
999 _c39988
_d39988
001 6594
003 GE_BSU
005 20191202172936.0
008 181216s2008||||ge |||||||||||||| ||geo||
040 _cGE_BSU
041 _ageo
080 _a342.9(075.8) ნ-21
100 _aნაკაშიძე, მალხაზ
_92936
245 _aრუსული პასპორტები და რუსეთის ფედერაციის მოქალაქეობის საკითხები საქართველოს კონფლიქტურ რეგიონებში /
_cმალხაზ ნაკაშიძე.
260 _aბათუმი.
260 _bშოთა რუსთაველის სახ.უნ-ტი
260 _c2008.
300 _a171 გვ.;
_b20 სმ.
500 _aანოტაცია ინგლ. და რუს. ენ..
504 _aბიბლიოგრ.: გვ. 164.
653 _a ქართულ-რუსული კონფლიქტი
653 _aრუსეთის მოქალაქეობა საქართველოს კონფლიქტურ რეგიონებში
653 _aრუსული პასპორტების დარიგება აფხაზეთში
653 _aრუსული პასპორტების დარიგება სამხრეთ ოსეთში
942 _cBK
_2udc